| LEADER 00000nam 2200000uu 4500 |
| 001 211094 |
| 003 ULIBM |
| 008 020711s2016 th a 000 0 eng d |
| 020 9781496306937
|
| 041 ^aeng
|
| 060 4 WY49 C934 2016
|
| 245 Critical care nursing made incredibly easy!/^cClinical editor : David W. Woodruff.
|
| 250 4th ed.
|
| 260 Philadelphia :^bWotters Kluwer,^c2016
|
| 300 x,736 pages :^bill ;^c23 cm
|
| 504 ^aIncludes bibliographical references and index
|
| 650 4 Critical care nursingู^xmethods^xhandbook
|
| 650 4 ^aCritical care^xhandbooks
|
| 650 4 ^aNursing care^xhandbooks
|
| 700 1 ^aWoodruff, David W.,^eed.
|
| 999 ^aใช้งานได้ทุกระบบ
|